| 000 | 00578nam a22002057a 4500 | ||
|---|---|---|---|
| 005 | 20170124105948.0 | ||
| 010 | _a543158 | ||
| 020 | _c00.00 | ||
| 035 | _a543158 | ||
| 037 | _bCen Lib/Ret | ||
| 040 |
_aDPL _bEN |
||
| 082 |
_a280.7 _bWIL |
||
| 100 |
_aWilson, Edmund _912905 |
||
| 245 |
_aThe scrolls from the dead sea / _cby Edmund Wilson |
||
| 260 |
_aNew York _bOxford Unversity Press _c1955 |
||
| 300 |
_avi,121p. _c18cm(Hb) |
||
| 650 |
_aDead Sea scrolls. _912906 |
||
| 650 |
_aManuscrits de la mer Morte. _912907 |
||
| 942 |
_2ddc _cEN _h280.7 _mWIL |
||
| 999 |
_c125071 _d125071 |
||